Transaction Costs Role in Export Price - Comparison of EU and the Western Balkan Countries

Teórie transakčných nákladov, vychádzajúcich hlavne z práce Coase a Williamsona, hodnotenie transakčných nákladov ako súčasť exportnej ceny v kontexte logistiky v krajinách EÚ a západného Balkánu.

Gespeichert in:
Bibliographische Detailangaben
1. Verfasser: Minárik, Marek
Weitere Verfasser: Pásztorová, Janka, 1960-
Format: Buchkapitel
Sprache:Englisch
Schlagworte:
Tags: Tag hinzufügen
Keine Tags, Fügen Sie das erste Tag hinzu!

MARC

LEADER 00000naa$a2200000$$$4500
001 0271266
005 20240502083822.6
041 0 |a eng 
044 |a CZ 
245 1 0 |a Transaction Costs Role in Export Price - Comparison of EU and the Western Balkan Countries  |c Marek Minárik, Janka Pásztorová 
520 |a Teórie transakčných nákladov, vychádzajúcich hlavne z práce Coase a Williamsona, hodnotenie transakčných nákladov ako súčasť exportnej ceny v kontexte logistiky v krajinách EÚ a západného Balkánu. 
610 2 0 |a náklady transakčné 
610 2 0 |a ceny vývozné 
610 2 0 |a vývoz 
610 2 0 |a Balkán 
100 1 |a Minárik, Marek 
700 1 |a Pásztorová, Janka, 1960-